000 00899nam a2200217 i 4500
001 182939
003 ES-MaACL
005 20250816091148.0
008 131217s1766 fr f |||| | fre d
100 1 _aDuhamel Du Monceau, Henri-Louis.
_9146391
245 1 0 _aArt de friser ou ratiner les étoffes de laine / par M. Duhamel du Monceau.
260 _a[Paris] :
_bImprimerie de L.F. Delatour,
_c1766.
300 _a10 p., 5 lám. ;
_c44 cm.
490 1 _aDescriptions des arts et métiers faites ou approuvées par Messieurs de l'Académie Royale des Sciences
530 _aDisponible en formato digital.
650 4 _aLana-
_vObras anteriores a 1800.
_9154027
830 0 0 _aDescriptions des arts et métiers
_9241750
852 _aES-MaACL
_jR-63(3)
_xOlim: C-10827-70
856 _uhttp://gallica.bnf.fr/ark:/12148/bpt6k1066646r?rk=21459;2
_zBNF-Gallica
999 _c182939
_d182939